[Event "Titled Tuesday intern op 08th Nov Early"]
[Site "Chess.com INT"]
[Date "2022.11.08"]
[Round "4"]
[White "Chakraborty, Dipro"]
[Black "Fajdetic, Hrvoje"]
[Result "1-0"]
[WhiteElo "2210"]
[BlackElo "2151"]
[PlyCount "83"]
[EventDate "2022.11.08"]
[EventType "swiss (blitz)"]
[EventRounds "11"]
[EventCountry "USA"]
[SourceTitle "EXT 2024"]
[Source "ChessBase"]
[SourceDate "2023.10.10"]
[SourceVersion "1"]
[SourceVersionDate "2023.10.10"]
[SourceQuality "1"]

1. d4 e6 2. Bf4 f5 3. Nc3 Nf6 4. e3 Bb4 5. Nge2 0-0 6. a3 Bxc3+ 7. Nxc3 b6 8. Be2 Bb7 9. 0-0 d6 10. h3 Nbd7 11. Bh2 Qe8 12. Bf3 Bxf3 13. Qxf3 Qh5 14. Qc6 Rac8 15. Nb5 e5 16. dxe5 Nxe5 17. Bxe5 dxe5 18. Nxa7 Ra8 19. Nb5 f4 20. Rfe1 Ra5 21. Nxc7 Rc5 22. Qe6+ Kh8 23. Qe7 Rc8 24. Ne6 Qg6 25. Nxc5 f3 26. g3 bxc5 27. Rad1 h5 28. Rd8+ Rxd8 29. Qxd8+ Kh7 30. Qa8 Qf5 31. Kh2 Ne4 32. Rf1 Ng5 33. g4 hxg4 34. Qd8 gxh3 35. Rg1 Ne4 36. Qh4+ Kg8 37. a4 g5 38. a5 Kf7 39. Qh5+ Kf6 40. Qh6+ Kf7 41. Qxh3 Qxh3+ 42. Kxh3 1-0

[Event "North American op 31st"]
[Site "Las Vegas"]
[Date "2021.12.29"]
[Round "7"]
[White "Song, Michael"]
[Black "Chakraborty, Dipro"]
[Result "1-0"]
[WhiteElo "2410"]
[BlackElo "2170"]
[PlyCount "81"]
[EventDate "2021.12.26"]
[EventType "swiss"]
[EventRounds "9"]
[EventCountry "USA"]
[SourceTitle "CBM 205 Extra"]
[Source "ChessBase"]
[SourceDate "2022.01.31"]
[SourceVersion "1"]
[SourceVersionDate "2022.01.31"]
[SourceQuality "1"]

1. Nf3 Nf6 2. b3 g6 3. Bb2 Bg7 4. c4 0-0 5. e3 d6 6. Be2 e5 7. d4 e4 8. Nfd2 Re8 9. Nc3 h5 10. h3 h4 11. a3 c5 12. d5 Bf5 13. Nf1 g5 14. Qd2 Bg6 15. f4 exf3 16. gxf3 Nbd7 17. Rg1 Ne5 18. Rxg5 Bh6 19. Rg1 Qd7 20. 0-0-0 Qxh3 21. f4 Nf3 22. Rxg6+ fxg6 23. Qc2 Kh7 24. Bd3 Qg4 25. Kb1 a6 26. Qf2 Ng1 27. Nh2 Qg3 28. Qxg1 Rxe3 29. Ne2 Qxg1 30. Nxg1 Ne4 31. Nf1 Nf2 32. Nxe3 Bxf4 33. Ng2 Nxd1 34. Nxf4 Nxb2 35. Bxg6+ Kh6 36. Kxb2 Rf8 37. Ngh3 Rxf4 38. Nxf4 Kg5 39. Ng2 h3 40. Be4 h2 41. Ne1 1-0

[Event "North American op 31st"]
[Site "Las Vegas"]
[Date "2021.12.28"]
[Round "6"]
[White "Chakraborty, Dipro"]
[Black "Narva, Mai"]
[Result "1/2-1/2"]
[WhiteElo "2170"]
[BlackElo "2349"]
[PlyCount "53"]
[EventDate "2021.12.26"]
[EventType "swiss"]
[EventRounds "9"]
[EventCountry "USA"]
[SourceTitle "CBM 205 Extra"]
[Source "ChessBase"]
[SourceDate "2022.01.31"]
[SourceVersion "1"]
[SourceVersionDate "2022.01.31"]
[SourceQuality "1"]

1. e4 c5 2. Nc3 a6 3. d4 cxd4 4. Qxd4 Nc6 5. Qe3 Nf6 6. Bc4 e6 7. Nge2 Qc7 8. Qg3 Qxg3 9. hxg3 b5 10. Bd3 Bc5 11. f3 d6 12. Bf4 Ke7 13. g4 Bb7 14. 0-0-0 Ne5 15. Rh3 h6 16. Kb1 Bc6 17. Ng3 b4 18. Nce2 a5 19. Rdh1 Rhb8 20. Nc1 a4 21. Be2 Bb5 22. g5 hxg5 23. Bxg5 Kd7 24. Bf4 Ke7 25. Bg5 Kd7 26. Bf4 Ke7 27. Bg5 1/2-1/2

[Event "North American op 31st"]
[Site "Las Vegas"]
[Date "2021.12.27"]
[Round "3"]
[White "Li, Zhaozhi"]
[Black "Chakraborty, Dipro"]
[Result "0-1"]
[WhiteElo "2433"]
[BlackElo "2170"]
[PlyCount "186"]
[EventDate "2021.12.26"]
[EventType "swiss"]
[EventRounds "9"]
[EventCountry "USA"]
[SourceTitle "CBM 205 Extra"]
[Source "ChessBase"]
[SourceDate "2022.01.31"]
[SourceVersion "1"]
[SourceVersionDate "2022.01.31"]
[SourceQuality "1"]

1. d4 Nf6 2. Nf3 g6 3. Bf4 Bg7 4. e3 0-0 5. Be2 d6 6. h3 c5 7. 0-0 Qb6 8. Qc1 Nc6 9. c3 Be6 10. Nbd2 Rac8 11. Bh2 cxd4 12. exd4 Bh6 13. Bd3 Nb4 14. Bb1 Qb5 15. a4 Qa6 16. g4 Nfd5 17. g5 Bg7 18. Be4 Bxh3 19. Qb1 Bxf1 20. Nxf1 f5 21. gxf6 Nxf6 22. cxb4 Qc4 23. Ne3 Qxb4 24. Nd5 Nxd5 25. Bxd5+ Kh8 26. Qe4 Rxf3 27. Qxf3 Qxb2 28. Ra2 Qxd4 29. Bxb7 Rc5 30. Re2 Rg5+ 31. Bg3 Rxg3+ 32. Qxg3 Qd1+ 33. Kg2 Qxe2 34. Qh3 Bd4 35. Qh4 Qe5 36. Qh6 Qf6 37. f3 Be5 38. Be4 Bf4 39. Qh3 Qb2+ 40. Kf1 Qc1+ 41. Kg2 Qd2+ 42. Kh1 Qe1+ 43. Kg2 Kg7 44. Qe6 Qe2+ 45. Kg1 Bg3 46. Qxe7+ Kh6 47. Qxa7 Bh2+ 48. Kh1 Bf4 49. Qg1 Qd2 50. Qg2 Qd1+ 51. Qg1 Qxa4 52. Qe1 Kg7 53. Kg2 Qa2+ 54. Kf1 Qc4+ 55. Kg2 Be5 56. Qf2 Bd4 57. Qd2 d5 58. Bd3 Qc3 59. Qe2 Bf6 60. f4 Qd4 61. Kf3 h5 62. Qc2 Qc3 63. Qb1 Be7 64. Ke2 Qf6 65. Qb7 Qe6+ 66. Kf3 Kh6 67. f5 gxf5 68. Qb8 Bf6 69. Qf8+ Kg6 70. Kg2 d4 71. Kf1 Bg7 72. Qc5 Bf6 73. Qf8 Bg7 74. Qc5 h4 75. Kg2 Bf6 76. Qb5 Qe5 77. Qc4 Qg3+ 78. Kh1 Qh3+ 79. Kg1 Qg4+ 80. Kh1 Kg5 81. Qc1+ Qf4 82. Qg1+ Qg3 83. Qc1+ Kg6 84. Qf1 Qg4 85. Bc2 Be5 86. Qd3 Kg5 87. Qa3 Qg3 88. Qe7+ Kf4 89. Qb4 Ke3 90. Qa3+ Kf2 91. Qxg3+ hxg3 92. Be4 Bc7 93. Bd5 d3 0-1

[Event "North American op 31st"]
[Site "Las Vegas"]
[Date "2021.12.26"]
[Round "2"]
[White "Chakraborty, Dipro"]
[Black "Hevia Alejano, Carlos Antonio"]
[Result "1/2-1/2"]
[WhiteElo "2170"]
[BlackElo "2447"]
[PlyCount "78"]
[EventDate "2021.12.26"]
[EventType "swiss"]
[EventRounds "9"]
[EventCountry "USA"]
[SourceTitle "CBM 205 Extra"]
[Source "ChessBase"]
[SourceDate "2022.01.31"]
[SourceVersion "1"]
[SourceVersionDate "2022.01.31"]
[SourceQuality "1"]

1. e4 g6 2. d4 d6 3. Nc3 Bg7 4. Be3 Nf6 5. f3 a6 6. a4 Nbd7 7. Qd2 c5 8. d5 Qa5 9. Ra3 0-0 10. Nge2 Ne5 11. Ng3 h5 12. Be2 h4 13. Nf1 Re8 14. h3 e6 15. dxe6 Bxe6 16. Qxd6 Nfd7 17. Qd2 Qc7 18. Bg5 Nb6 19. b3 Rad8 20. Bxd8 Rxd8 21. Qe3 Nd3+ 22. Bxd3 Bxc3+ 23. Nd2 c4 24. bxc4 Bxd2+ 25. Qxd2 Nxc4 26. Rc3 Qg3+ 27. Qf2 Qe5 28. Rxc4 Qa1+ 29. Ke2 Qxh1 30. Rb4 Rd7 31. f4 a5 32. Rb6 Bc4 33. f5 Qc1 34. Rxg6+ fxg6 35. Bxc4+ Kf8 36. Qc5+ Kg7 37. Qe5+ Kh6 38. Bd3 Qg5 39. Qh8+ Rh7 1/2-1/2

[Event "US Open-116"]
[Site "Phoenix"]
[Date "2015.08.04"]
[Round "4"]
[White "Moon, Benjamin"]
[Black "Chakraborty, Dipro"]
[Result "0-1"]
[WhiteElo "2045"]
[BlackElo "2192"]
[PlyCount "103"]
[EventDate "2015.08.01"]
[EventType "swiss"]
[EventRounds "9"]
[EventCountry "USA"]
[SourceTitle "CBM 167 Extra"]
[Source "ChessBase"]
[SourceDate "2015.09.14"]
[SourceVersion "1"]
[SourceVersionDate "2015.09.14"]
[SourceQuality "1"]

1. d3 d5 2. Nd2 e5 3. Ngf3 Nc6 4. e4 Nf6 5. Be2 Bc5 6. c3 0-0 7. 0-0 a5 8. b3 Re8 9. a3 d4 10. c4 Bf8 11. Ne1 Nd7 12. Bg4 g6 13. g3 f5 14. Bh3 Nc5 15. exf5 Bxf5 16. Bxf5 gxf5 17. Ndf3 Qf6 18. Nh4 Bg7 19. Ra2 Kh8 20. Re2 Ra6 21. b4 axb4 22. axb4 Nxb4 23. Rb2 Na2 24. Bd2 Nc3 25. Qh5 Rf8 26. Bxc3 dxc3 27. Rc2 Rd6 28. Rxc3 e4 29. d4 Rxd4 30. Neg2 Nd3 31. Ne3 f4 32. Nd5 Qh6 33. Qxh6 Bxh6 34. Nxc7 Rf6 35. Nd5 Rc6 36. Nf5 Rxd5 37. cxd5 Rxc3 38. Nxh6 Kg7 39. Nf5+ Kf6 40. Nd6 Ke5 41. Nxb7 Kxd5 42. gxf4 Nxf4 43. Nd8 Rc8 44. Nf7 Rf8 45. Rd1+ Nd3 46. Ng5 Rg8 47. h4 Kd4 48. Ra1 h6 49. Ra4+ Kd5 50. Rxe4 hxg5 51. Rg4 Ne5 52. Rxg5 0-1

[Event "US Open-116"]
[Site "Phoenix"]
[Date "2015.08.03"]
[Round "3"]
[White "Chakraborty, Dipro"]
[Black "Gatica, Jose M"]
[Result "1-0"]
[WhiteElo "2192"]
[BlackElo "1998"]
[PlyCount "125"]
[EventDate "2015.08.01"]
[EventType "swiss"]
[EventRounds "9"]
[EventCountry "USA"]
[SourceTitle "CBM 167 Extra"]
[Source "ChessBase"]
[SourceDate "2015.09.14"]
[SourceVersion "1"]
[SourceVersionDate "2015.09.14"]
[SourceQuality "1"]

1. d4 Nf6 2. c4 e6 3. Nf3 b6 4. g3 Bb7 5. Bg2 Be7 6. 0-0 0-0 7. Re1 Ne4 8. Qc2 d5 9. Nbd2 Nxd2 10. Bxd2 Nd7 11. cxd5 exd5 12. Rac1 Rc8 13. Bf4 Bd6 14. Bxd6 cxd6 15. Qa4 a6 16. Qb4 Qe7 17. e3 b5 18. a4 Rc4 19. Rxc4 dxc4 20. axb5 axb5 21. Qxb5 Bxf3 22. Bxf3 Rb8 23. Qxc4 Rxb2 24. Qc7 g6 25. Ra1 Qf6 26. Kg2 Nf8 27. Ra6 Qe6 28. Qc1 Rb8 29. Qa3 Rd8 30. h4 Qf6 31. Qa5 h6 32. Ra7 Kg7 33. Bd5 Rd7 34. Ra8 Ne6 35. Qa4 Rd8 36. Ra7 Kf8 37. Qc4 Re8 38. Qc6 Rd8 39. Qb6 Ke8 40. Rb7 g5 41. h5 g4 42. Qb1 Ng5 43. Qd1 Qf5 44. Qa4+ Kf8 45. Qc6 Qf6 46. Qc2 Re8 47. Rd7 Rd8 48. Rxd8+ Qxd8 49. Qf5 Qa5 50. Be4 Qxf5 51. Bxf5 Ke7 52. Bxg4 Nh7 53. Kf3 Nf6 54. Kf4 Ne8 55. e4 Nf6 56. Be2 Ne8 57. g4 f6 58. Bc4 Ng7 59. Bb3 Kd7 60. Kg3 Ke7 61. Kh4 Kd7 62. f4 Ke7 63. g5 1-0

[Event "Las Vegas National op"]
[Site "Las Vegas"]
[Date "2012.06.16"]
[Round "4"]
[White "Chakraborty, Dipro"]
[Black "Bachmann, Axel"]
[Result "0-1"]
[WhiteElo "2135"]
[BlackElo "2566"]
[PlyCount "152"]
[EventDate "2012.06.15"]
[EventType "swiss"]
[EventRounds "9"]
[EventCountry "USA"]
[SourceTitle "CBM 148 Extra"]
[Source "ChessBase"]
[SourceDate "2012.06.22"]
[SourceVersion "1"]
[SourceVersionDate "2012.06.22"]
[SourceQuality "1"]

1. d4 g6 2. e4 Bg7 3. Nc3 d6 4. Be3 a6 5. a4 b6 6. Bd3 Bb7 7. Nf3 e6 8. 0-0 Nd7 9. Qd2 h6 10. Rfe1 Ne7 11. Ne2 Nf6 12. Nc3 d5 13. Bf4 g5 14. Bg3 Nh5 15. exd5 Nxg3 16. hxg3 Nxd5 17. Nxd5 Bxd5 18. Be4 0-0 19. c4 Bxe4 20. Rxe4 Qd6 21. Rd1 Rad8 22. g4 Rd7 23. Ne5 Bxe5 24. Rxe5 Rfd8 25. Qe3 Kg7 26. Rd3 Qe7 27. f4 gxf4 28. Qxf4 Qf6 29. Qe3 Rg8 30. g5 hxg5 31. Rxg5+ Kf8 32. Rxg8+ Kxg8 33. b4 Kf8 34. Qd2 c6 35. a5 b5 36. cxb5 cxb5 37. d5 Qa1+ 38. Kf2 Qf6+ 39. Kg1 e5 40. Qc3 Qd6 41. Re3 Qxd5 42. Qxe5 Qxe5 43. Rxe5 Rd4 44. Rc5 Ke7 45. Rc6 Rd6 46. Rc3 Kd7 47. Rb3 Rd4 48. Kf2 Kd6 49. Ke3 Ke5 50. Rc3 Re4+ 51. Kf3 Rxb4 52. Rc6 Rf4+ 53. Ke3 Rf6 54. Rc5+ Kd6 55. Rc8 Kd5 56. Kd3 Rg6 57. Rd8+ Kc5 58. Rf8 Rxg2 59. Rxf7 Kb4 60. Rf4+ Kxa5 61. Kc3 Rg3+ 62. Kb2 b4 63. Rf5+ Ka4 64. Rf6 Rg2+ 65. Kb1 a5 66. Rf3 b3 67. Rf4+ Ka3 68. Rf1 a4 69. Ka1 Rg4 70. Rd1 Kb4 71. Kb2 a3+ 72. Kb1 a2+ 73. Kb2 Rg2+ 74. Ka1 Ka3 75. Rb1 axb1Q+ 76. Kxb1 Rg1# 0-1

[Event "Las Vegas National op"]
[Site "Las Vegas"]
[Date "2012.06.15"]
[Round "1"]
[White "Akobian, Varuzhan"]
[Black "Chakraborty, Dipro"]
[Result "1-0"]
[WhiteElo "2625"]
[BlackElo "2135"]
[PlyCount "99"]
[EventDate "2012.06.15"]
[EventType "swiss"]
[EventRounds "9"]
[EventCountry "USA"]
[SourceTitle "CBM 148 Extra"]
[Source "ChessBase"]
[SourceDate "2012.06.22"]
[SourceVersion "1"]
[SourceVersionDate "2012.06.22"]
[SourceQuality "1"]

1. d4 Nf6 2. Nf3 g6 3. c4 Bg7 4. Nc3 0-0 5. Bg5 d6 6. e3 c6 7. Be2 Nbd7 8. Qc2 e5 9. 0-0 Qe7 10. Rfd1 Re8 11. Rac1 h6 12. Bh4 g5 13. dxe5 dxe5 14. Bg3 Nh5 15. Nd2 Nxg3 16. hxg3 Nf6 17. a3 e4 18. b4 Bf5 19. c5 Rad8 20. Nc4 Rxd1+ 21. Rxd1 Bg6 22. Qa4 Nd7 23. Nd6 Bxc3 24. Nxe8 Qxe8 25. Qxa7 Qc8 26. Ba6 bxa6 27. Qxd7 Qxd7 28. Rxd7 Bb2 29. a4 Ba3 30. b5 axb5 31. axb5 cxb5 32. c6 Bf5 33. Rd8+ Kg7 34. c7 Be7 35. c8Q Bxc8 36. Rxc8 f5 37. Rc6 b4 38. Kf1 Bf6 39. Rb6 Bc3 40. f3 h5 41. fxe4 fxe4 42. Ke2 g4 43. Kd1 Kh7 44. Rc6 Kg7 45. Rxc3 bxc3 46. Kc2 Kf6 47. Kxc3 Kg5 48. Kd4 h4 49. gxh4+ Kxh4 50. Kxe4 1-0